Statistics for U.S. Cities by Clue #1

Click here to take the quiz!

General Stats

  • This quiz has been taken 44,687 times
    (33,925 since last reset)
  • The average score is 12 of 20

Answer Stats

CluesCity% Correct
Rain, Starbucks, Space NeedleSeattle
96%
Deep-dish Pizza, Skyscrapers, OprahChicago
95%
Alcatraz, Golden Gate, Grateful DeadSan Francisco
94%
Cars, Eminem, RobocopDetroit
90%
Liberty Bell, Rocky, CheesesteakPhiladelphia
88%
Bourbon Street, Étouffée,
Louis Armstrong
New Orleans
86%
Little Havana, Dexter, Hurricane AndrewMiami
82%
Coke, Ted Turner, Delta Air LinesAtlanta
73%
Alamo, River Walk, SpursSan Antonio
71%
Elvis, Beale Street, Mississippi RiverMemphis
68%
Mall of America, Target, PrinceMinneapolis
67%
Edgar Allan Poe, Crabcakes, The WireBaltimore
55%
Beer, Lake Michigan, Happy DaysMilwaukee
52%
Politeness, Porgy and Bess, Fort SumterCharleston
34%
Baylor, David Koresh, Brazos RiverWaco
34%
NORAD, Pikes Peak,
U.S. Olympic Committee
Colorado Springs
31%
Route 66, Lowell Observatory,
Near Grand Canyon
Flagstaff
24%
Kodak, Erie Canal,
White Hot Garbage Plate
Rochester
20%
Furniture, Amway, Gerald FordGrand Rapids
12%
The Goonies, Cloudy, Columbia RiverAstoria
10%

Score Distribution

Percentile by Number Answered

Percent of People with Each Score

Your Score History

You have not taken this quiz since the last reset